00601nam 22002173 4500001000700000010001800007021001800025100004100043200005800084210004200142215003600184225002000220606003400240606001300274610001000287675002800297675001600325700001300341801001800354830001100372202743 a972-553-329-1 aPTb151806/00 a20260624d u||y0pory50 ba aPrimeiras canções de Natal com o Winnief[Disney] a[Lisboa]cDifusão VerbodD. L. 2000 a[10] p.cil. ; cartonadod26 cm aWinnie the Pooh aLiteratura Infantil Americana aMúsica aNatal a821.111(73)-93vPTzpor a78vPTzpor a[Disney] aPTbBMMNgRPC cIsabel